000 01248naa a22002897a 4500
001 BR8802962
003 BR-BrBNA
005 20240918180009.0
007 ta
008 230509b bl.||||| |||| 00| 0 por d
040 _aBR-BrBNA
_bpor
_cBiblioteca Nacional de Agricultura
041 _a(Pt)
072 _aP40
_b/G514
090 _aP40 BR8802962
100 1 _aCeballos, J.C.
111 1 _a1. Congresso Interamericano de Meteorologia; 4. Congresso Brasileiro de Meteorologia
_cBrasilia, DF (Brazil)
_d20-24 Oct 1986
245 1 _aVapor d'agua e aerossois na atmofera: algumas evidencias sobre sua incidencia no balanco energetico de ondas curtas [Bauru, Sao Paulo]
260 3 _aBelo Horizonte, MG (Brasil):
_c1986.
500 _aAnais do 1. Congresso Interamericano de Meteorologia e 4. Congresso Brasileiro de Meteorologia Belo Horizonte, MG (Brasil): 1986. v. 2 p. 57-62 (BR8802962-AM)P40
650 _aATMOSFERA
650 _aNUVEM
650 _aBALANCO DE ENERGIA
650 _aSAO PAULO
773 0 _tAnais do 1. Congresso Interamericano de Meteorologia e 4. Congresso Brasileiro de Meteorologia
_wP40 BR8802962
_gBelo Horizonte, MG (Brasil), 1986. v. 2 p. 57-62
909 _a202404
_bLucia
_c55
_dLucia Elande
942 _cAM
_2AGRIS
999 _c319162
_d319162